[Event "GER-ch U16"]
[Site "Willingen"]
[Date "2022.06.10"]
[Round "8"]
[White "Lerchl, Clemens"]
[Black "Neuber, Pascal"]
[Result "1-0"]
[WhiteElo "1843"]
[BlackElo "1802"]
[PlyCount "65"]
[EventDate "2022.06.04"]
[EventType "swiss"]
[EventRounds "9"]
[EventCountry "GER"]
[SourceTitle "CBM 208 Extra"]
[Source "ChessBase"]
[SourceDate "2022.07.31"]
[SourceVersion "1"]
[SourceVersionDate "2022.07.31"]
[SourceQuality "1"]

1. e4 c6 2. Nc3 d5 3. Nf3 dxe4 4. Nxe4 Nf6 5. Qe2 Nxe4 6. Qxe4 Qa5 7. Bd3 Nd7 8. Qf4 Nf6 9. 0-0 g6 10. Bc4 Bg7 11. d3 0-0 12. Bd2 Qf5 13. Rfe1 Re8 14. Ng5 Nd5 15. Qh4 h6 16. Ne4 g5 17. Qh5 Nf4 18. Bxf4 gxf4 19. Qf3 Bd7 20. c3 c5 21. a4 Bc6 22. Bb5 Rac8 23. Ng3 Qg5 24. Ne4 Qf5 25. Ng3 Qg5 26. Bxc6 Rxc6 27. Nh5 Be5 28. Re4 Rd8 29. g3 Rg6 30. Nxf4 Bxf4 31. Rxf4 Rxd3 32. Qxd3 Qxf4 33. Qxg6+ 1-0

[Event "GER-ch U16"]
[Site "Willingen"]
[Date "2022.06.08"]
[Round "6"]
[White "Neuber, Pascal"]
[Black "Spriestersbach, Kai"]
[Result "1-0"]
[WhiteElo "1802"]
[BlackElo "1948"]
[PlyCount "85"]
[EventDate "2022.06.04"]
[EventType "swiss"]
[EventRounds "9"]
[EventCountry "GER"]
[SourceTitle "CBM 208 Extra"]
[Source "ChessBase"]
[SourceDate "2022.07.31"]
[SourceVersion "1"]
[SourceVersionDate "2022.07.31"]
[SourceQuality "1"]

1. e4 c5 2. c4 Nc6 3. Nc3 g6 4. g3 Bg7 5. Bg2 d6 6. Nge2 e5 7. d3 Nge7 8. 0-0 0-0 9. Bg5 h6 10. Be3 Nd4 11. Qd2 Kh7 12. f4 exf4 13. Nxf4 Rb8 14. Rab1 Nec6 15. Nfd5 b5 16. b3 b4 17. Ne2 Nxe2+ 18. Qxe2 Nd4 19. Qd2 Be6 20. Nf4 Bd7 21. Ne2 Nxe2+ 22. Qxe2 a5 23. Rbd1 Qb6 24. Qd2 Bc3 25. Qc1 Bg7 26. Qd2 Bg4 27. Bf3 Bxf3 28. Rxf3 Qc6 29. Rdf1 Rb7 30. Rf4 Bc3 31. Qf2 Kg7 32. g4 Be5 33. Rf3 Qd7 34. Bxh6+ Kxh6 35. Qh4+ Kg7 36. Rh3 f5 37. Qh7+ Kf6 38. g5+ Ke6 39. Qxg6+ Bf6 40. Qxf5+ Ke7 41. Rh7+ Rf7 42. Rxf7+ Kxf7 43. Qxf6+ 1-0

[Event "GER-ch U16"]
[Site "Willingen"]
[Date "2022.06.05"]
[Round "1"]
[White "Neuber, Pascal"]
[Black "Jaskulski, Jan"]
[Result "0-1"]
[WhiteElo "1802"]
[BlackElo "1727"]
[PlyCount "44"]
[EventDate "2022.06.04"]
[EventType "swiss"]
[EventRounds "9"]
[EventCountry "GER"]
[SourceTitle "CBM 208 Extra"]
[Source "ChessBase"]
[SourceDate "2022.07.31"]
[SourceVersion "1"]
[SourceVersionDate "2022.07.31"]
[SourceQuality "1"]

1. e4 c5 2. c4 Nc6 3. Nc3 g6 4. g3 Bg7 5. Bg2 e6 6. Nge2 Nge7 7. 0-0 0-0 8. d3 b6 9. f4 Bb7 10. Be3 d5 11. cxd5 exd5 12. exd5 Nb4 13. d6 Bxg2 14. dxe7 Qxe7 15. Kxg2 Qxe3 16. Rf3 Qe6 17. a3 Nd5 18. Nxd5 Qxd5 19. Nc3 Qb7 20. Qd2 Rad8 21. Rd1 Rfe8 22. Ne4 Rxe4 0-1

[Event "GER-chT U14"]
[Site "Willingen"]
[Date "2021.06.26"]
[Round "5.7"]
[White "Neuber, Pascal"]
[Black "Rohm, Linus"]
[Result "1/2-1/2"]
[WhiteElo "1812"]
[BlackElo "1581"]
[PlyCount "80"]
[EventDate "2021.06.23"]
[EventType "team-swiss"]
[EventRounds "7"]
[EventCountry "GER"]
[SourceTitle "EXT 2022"]
[Source "ChessBase"]
[SourceDate "2021.10.06"]
[SourceVersion "1"]
[SourceVersionDate "2021.10.06"]
[SourceQuality "1"]
[WhiteTeam "Halle USV"]
[BlackTeam "Paderborn"]
[WhiteTeamCountry "GER"]
[BlackTeamCountry "GER"]

1. e4 d6 2. d4 Nf6 3. Nc3 Nbd7 4. f4 e5 5. fxe5 dxe5 6. d5 Bb4 7. Bg5 h6 8. Bxf6 Nxf6 9. Bb5+ Bd7 10. Bxd7+ Qxd7 11. Qe2 c6 12. Qc4 Bxc3+ 13. Qxc3 0-0 14. 0-0-0 Nxe4 15. Qe3 f5 16. dxc6 Qxc6 17. Nf3 Qe6 18. Kb1 b6 19. Rhe1 Rfd8 20. Qb3 Qxb3 21. axb3 Rac8 22. c3 Re8 23. Rd7 Rcd8 24. Red1 Rxd7 25. Rxd7 Nc5 26. Rxa7 e4 27. Ne1 e3 28. b4 Ne4 29. Rd7 g5 30. h3 g4 31. hxg4 fxg4 32. Rd4 h5 33. Kc2 Nf2 34. c4 h4 35. c5 bxc5 36. bxc5 h3 37. gxh3 gxh3 38. Nf3 e2 39. c6 e1Q 40. Nxe1 Rc8 1/2-1/2

[Event "GER-chT U14"]
[Site "Willingen"]
[Date "2021.06.24"]
[Round "1.8"]
[White "Bergeret Busse, Julian"]
[Black "Neuber, Pascal"]
[Result "0-1"]
[WhiteElo "1466"]
[BlackElo "1812"]
[PlyCount "84"]
[EventDate "2021.06.23"]
[EventType "team-swiss"]
[EventRounds "7"]
[EventCountry "GER"]
[SourceTitle "EXT 2022"]
[Source "ChessBase"]
[SourceDate "2021.10.06"]
[SourceVersion "1"]
[SourceVersionDate "2021.10.06"]
[SourceQuality "1"]
[WhiteTeam "Muenster 32"]
[BlackTeam "Halle USV"]
[WhiteTeamCountry "GER"]
[BlackTeamCountry "GER"]

1. e4 c5 2. Nf3 e6 3. d4 cxd4 4. Nxd4 Nf6 5. Nc3 Nc6 6. Ndb5 Bb4 7. a3 Bxc3+ 8. Nxc3 d5 9. exd5 exd5 10. Bd3 d4 11. Ne2 0-0 12. 0-0 Bg4 13. f3 Bh5 14. Nf4 Bg6 15. Nxg6 hxg6 16. f4 Ne7 17. Qf3 Qd5 18. Qxd5 Nexd5 19. h3 Rfe8 20. Bb5 Re7 21. Rd1 Rc8 22. Ba4 Re4 23. g3 Nh5 24. Kf2 Ne3 25. Re1 Nf6 26. Re2 Rc7 27. Bb3 Rce7 28. Bxe3 Rxe3 29. Rxe3 Rxe3 30. Kg2 Nh5 31. Rd1 Rxg3+ 32. Kh2 d3 33. cxd3 Re3 34. Bc4 Nxf4 35. Rf1 Rxh3+ 36. Kg1 g5 37. d4 Rg3+ 38. Kh1 Rh3+ 39. Kg1 Re3 40. d5 Re4 41. Rc1 Rd4 42. Bb3 Ne2+ 0-1

[Event "Sachsen-Anhalt 30 Years op"]
[Site "Magdeburg"]
[Date "2020.10.25"]
[Round "7.13"]
[White "Neuber, Pascal"]
[Black "Schillig, Sascha"]
[Result "1-0"]
[WhiteElo "1810"]
[BlackElo "1695"]
[PlyCount "56"]
[EventDate "2020.10.22"]
[EventType "swiss"]
[EventRounds "7"]
[EventCountry "GER"]
[SourceTitle "EXT 2022"]
[Source "ChessBase"]
[SourceDate "2021.10.06"]
[SourceVersion "1"]
[SourceVersionDate "2021.10.06"]
[SourceQuality "1"]

1. e4 e5 2. Nc3 Nc6 3. Bc4 Nf6 4. f4 exf4 5. Nf3 d6 6. d4 Be7 7. 0-0 0-0 8. Bxf4 a6 9. a4 Bd7 10. e5 dxe5 11. Nxe5 h6 12. Ng6 Re8 13. Be5 Bg4 14. Bxf7+ Kh7 15. Qd3 Nb4 16. Qg3 Bh5 17. Bxe8 Qxe8 18. Nxe7 Qxe7 19. Bxf6 gxf6 20. Rae1 Qd7 21. Qh4 Nxc2 22. Qxh5 Nxe1 23. Rxe1 Qxd4+ 24. Kh1 Rg8 25. Qf5+ Kh8 26. Rf1 Kg7 27. Rd1 Qh4 28. Rd7+ Kh8 1-0

[Event "Sachsen-Anhalt 30 Years op"]
[Site "Magdeburg"]
[Date "2020.10.24"]
[Round "5.4"]
[White "Janeke, Thomas"]
[Black "Neuber, Pascal"]
[Result "1/2-1/2"]
[WhiteElo "1695"]
[BlackElo "1810"]
[PlyCount "104"]
[EventDate "2020.10.22"]
[EventType "swiss"]
[EventRounds "7"]
[EventCountry "GER"]
[SourceTitle "EXT 2022"]
[Source "ChessBase"]
[SourceDate "2021.10.06"]
[SourceVersion "1"]
[SourceVersionDate "2021.10.06"]
[SourceQuality "1"]

1. c4 c5 2. Nc3 e6 3. Nf3 d5 4. cxd5 exd5 5. d4 cxd4 6. Qxd4 Nf6 7. Bg5 Be7 8. e3 Nc6 9. Bb5 a6 10. Bxc6+ bxc6 11. 0-0 0-0 12. b4 a5 13. a3 Ba6 14. Rfc1 axb4 15. axb4 Qd6 16. Ne5 Bb7 17. Nd3 Nh5 18. Bxe7 Qxe7 19. Nc5 Nf6 20. b5 cxb5 21. Nxb5 Ne4 22. Nxe4 dxe4 23. Rc7 Qb4 24. Na7 Qxd4 25. exd4 Bc8 26. Rac1 Be6 27. h3 g6 28. Re1 Bd5 29. Rec1 Rab8 30. Rd7 Be6 31. Rdc7 Rbd8 32. Nc6 Rd6 33. Rc5 Kg7 34. Ne7 Rxd4 35. Re5 Kf6 36. Rec5 Rd1+ 37. Kh2 Rd2 38. Kg3 Ra8 39. Nc6 Raa2 40. Nb4 Rab2 41. Rc2 Rb3+ 42. Kh2 Rxc2 43. Nxc2 Rd3 44. Ne3 h5 45. h4 Ke5 46. Rc5+ Kf4 47. Rc2 Bb3 48. Rb2 Be6 49. Nf1 f5 50. Ne3 Ke5 51. Rb5+ Bd5 52. g3 Ke6 1/2-1/2

[Event "Sachsen-Anhalt 30 Years op"]
[Site "Magdeburg"]
[Date "2020.10.23"]
[Round "4.10"]
[White "Neuber, Pascal"]
[Black "Tews, Steffen"]
[Result "0-1"]
[WhiteElo "1810"]
[BlackElo "1755"]
[PlyCount "86"]
[EventDate "2020.10.22"]
[EventType "swiss"]
[EventRounds "7"]
[EventCountry "GER"]
[SourceTitle "EXT 2022"]
[Source "ChessBase"]
[SourceDate "2021.10.06"]
[SourceVersion "1"]
[SourceVersionDate "2021.10.06"]
[SourceQuality "1"]

1. e4 g6 2. d4 Bg7 3. Nc3 d6 4. Be3 Nc6 5. Bc4 e6 6. Qd2 Nge7 7. 0-0-0 Bd7 8. Nge2 a6 9. Bb3 Na5 10. Bh6 Nxb3+ 11. axb3 0-0 12. h4 f6 13. Bxg7 Kxg7 14. h5 g5 15. f3 h6 16. d5 e5 17. g4 Nc8 18. Ng3 Qe8 19. Nf5+ Bxf5 20. exf5 Qd7 21. Ne4 a5 22. Qd3 b5 23. c4 bxc4 24. bxc4 Na7 25. c5 Rfb8 26. c6 Qc8 27. Nc3 Rb4 28. Rh2 Rab8 29. Rc2 R8b6 30. Rdd2 Qb8 31. Qe2 Nb5 32. Nxb5 R6xb5 33. Kd1 Qb6 34. Ke1 a4 35. Kf1 Qa5 36. Kg2 Rxd5 37. Rxd5 Qxd5 38. Qa6 Rxg4+ 39. Kf2 Qd4+ 40. Kf1 Rg1+ 41. Ke2 Rg2+ 42. Ke1 Rxc2 43. Qc8 Qg1# 0-1

[Event "GER-chT School WK 3"]
[Site "Playchess.com INT"]
[Date "2020.06.15"]
[Round "3.2"]
[White "Neuber, Pascal"]
[Black "Cho, Simon"]
[Result "1-0"]
[WhiteElo "1744"]
[BlackElo "1384"]
[PlyCount "97"]
[EventDate "2020.06.15"]
[EventType "team-swiss (blitz)"]
[EventRounds "5"]
[EventCountry "GER"]
[SourceTitle "EXT 2021"]
[Source "ChessBase"]
[SourceDate "2020.10.23"]
[SourceVersion "1"]
[SourceVersionDate "2020.10.23"]
[SourceQuality "1"]
[WhiteTeam "Halle Cantor Gymn"]
[BlackTeam "St Blasien Kolleg"]
[WhiteTeamCountry "GER"]
[BlackTeamCountry "GER"]

1. e4 e5 2. Nc3 Nc6 3. Bc4 Nf6 4. f4 d6 5. Nf3 exf4 6. 0-0 Qe7 7. d3 Bg4 8. Bxf4 Bxf3 9. Qxf3 Nd4 10. Qf2 Nxc2 11. Qxc2 c6 12. Bg5 h6 13. Bxf6 Qxf6 14. Rxf6 gxf6 15. Rf1 Be7 16. Qa4 b5 17. Bxb5 cxb5 18. Nxb5 0-0 19. Nc7 Rac8 20. Nd5 Bd8 21. Nxf6+ Bxf6 22. Rxf6 Kg7 23. Qd4 Rc1+ 24. Rf1+ Kh7 25. Rxc1 Rg8 26. Qf6 Rg6 27. Qxf7+ Rg7 28. Qxg7+ Kxg7 29. Rc7+ Kf6 30. Rxa7 Ke5 31. Ra6 Ke6 32. d4 h5 33. e5 Kd7 34. Rxd6+ Ke7 35. Rh6 h4 36. Rxh4 Ke6 37. Rh6+ Kf7 38. d5 Ke7 39. b4 Kd7 40. a4 Ke7 41. b5 Kd7 42. a5 Kc7 43. a6 Kb8 44. Rh7 Kc8 45. b6 Kd8 46. d6 Kc8 47. e6 Kd8 48. a7 Kc8 49. a8Q# 1-0

[Event "GER-chT School WK 3"]
[Site "Playchess.com INT"]
[Date "2020.06.15"]
[Round "5.2"]
[White "Neuber, Pascal"]
[Black "Felten, Maximilian"]
[Result "0-1"]
[WhiteElo "1744"]
[BlackElo "1979"]
[PlyCount "142"]
[EventDate "2020.06.15"]
[EventType "team-swiss (blitz)"]
[EventRounds "5"]
[EventCountry "GER"]
[SourceTitle "EXT 2021"]
[Source "ChessBase"]
[SourceDate "2020.10.23"]
[SourceVersion "1"]
[SourceVersionDate "2020.10.23"]
[SourceQuality "1"]
[WhiteTeam "Halle Cantor Gymn"]
[BlackTeam "Trier MGP"]
[WhiteTeamCountry "GER"]
[BlackTeamCountry "GER"]

1. e4 c5 2. Nf3 Nc6 3. d4 cxd4 4. Nxd4 Nf6 5. Nc3 g6 6. Be3 Bg7 7. f3 0-0 8. Qd2 d6 9. Bc4 Nxd4 10. Bxd4 Be6 11. Bxe6 fxe6 12. 0-0 Qa5 13. Rad1 Rac8 14. a3 a6 15. Rfe1 Nd7 16. Bxg7 Kxg7 17. Qd4+ Qe5 18. h3 Qxd4+ 19. Rxd4 Ne5 20. Kf2 Nc4 21. Rb1 b5 22. Ke2 Nxa3 23. bxa3 Rxc3 24. Kd2 Rfc8 25. Rb2 Rxa3 26. Rd3 Rxd3+ 27. Kxd3 Rc6 28. Ra2 Kf6 29. f4 h6 30. Ra5 g5 31. g3 gxf4 32. gxf4 e5 33. f5 Kg5 34. Ra1 Kh4 35. Rg1 Rc8 36. Rg6 h5 37. Rg7 Re8 38. Rh7 Kg5 39. Rg7+ Kh4 40. Rh7 Kxh3 41. Rxh5+ Kg4 42. Rh7 Kg5 43. Rg7+ Kf6 44. Rg6+ Kf7 45. Kc3 Rc8+ 46. Kb3 a5 47. Rg3 Rc4 48. Re3 a4+ 49. Kb2 b4 50. Re2 Kf6 51. Re3 e6 52. fxe6 Kxe6 53. Re2 Rd4 54. c3 bxc3+ 55. Kxc3 Kf6 56. Kb2 Kg5 57. Rf2 Rxe4 58. Rg2+ Kf4 59. Rd2 Rd4 60. Rf2+ Ke3 61. Rf1 Ke2 62. Rh1 e4 63. Rh2+ Kd3 64. Rc2 e3 65. Rc1 Ke2 66. Rc2+ Rd2 67. Ka1 Rxc2 68. Kb1 Kd2 69. Ka1 Kc3 70. Kb1 Kb3 71. Ka1 Rc1# 0-1

[Event "Sachsen-Anhalt Verbandsliga 1920"]
[Site "Sachsen Anhalt"]
[Date "2019.10.20"]
[Round "2.6"]
[White "Neuber, Pascal"]
[Black "Leipold, Harald"]
[Result "1/2-1/2"]
[WhiteElo "1762"]
[BlackElo "1657"]
[PlyCount "58"]
[EventDate "2019.09.29"]
[EventType "team-tourn"]
[EventRounds "9"]
[EventCountry "GER"]
[SourceTitle "EXT 2023"]
[Source "ChessBase"]
[SourceDate "2022.10.05"]
[SourceVersion "1"]
[SourceVersionDate "2022.10.05"]
[SourceQuality "1"]
[WhiteTeam "Halle USV II"]
[BlackTeam "Piesteritz Gruen-Weiss"]
[WhiteTeamCountry "GER"]
[BlackTeamCountry "GER"]

1. e4 d5 2. exd5 Qxd5 3. Nc3 Qd8 4. d4 c6 5. Bc4 Bf5 6. Nf3 e6 7. Ne5 Nf6 8. Bf4 Bd6 9. Qd2 Bxe5 10. Bxe5 Nbd7 11. 0-0-0 Nxe5 12. dxe5 Qxd2+ 13. Rxd2 Nd5 14. Bxd5 exd5 15. h3 h5 16. Rdd1 0-0-0 17. f4 Rhg8 18. Rhg1 h4 19. g4 hxg3 20. Rxg3 g6 21. h4 Rh8 22. Rh1 Rh5 23. Rg5 Rdh8 24. Rxh5 gxh5 25. Rg1 Bg4 26. Nd1 Kd7 27. Ne3 Ke6 28. Nxg4 hxg4 29. Rxg4 Rh7 1/2-1/2

[Event "Sachsen-Anhalt Landesliga B 18/19"]
[Site "Sachsen Anhalt"]
[Date "2019.03.24"]
[Round "8.5"]
[White "Neuber, Pascal"]
[Black "Leipold, Harald"]
[Result "1/2-1/2"]
[WhiteElo "1768"]
[BlackElo "1821"]
[PlyCount "99"]
[EventDate "2018.09.23"]
[EventType "team-tourn"]
[EventRounds "9"]
[EventCountry "GER"]
[SourceTitle "EXT 2022"]
[Source "ChessBase"]
[SourceDate "2021.10.06"]
[SourceVersion "1"]
[SourceVersionDate "2021.10.06"]
[SourceQuality "1"]
[WhiteTeam "Halle USV III"]
[BlackTeam "Piesteritz Gruen-Weiss"]
[WhiteTeamCountry "GER"]
[BlackTeamCountry "GER"]

1. e4 d5 2. exd5 Qxd5 3. Nc3 Qd8 4. d4 c6 5. Bc4 Nf6 6. Nf3 Bf5 7. Ne5 e6 8. Bf4 Be7 9. Qd2 Nbd7 10. 0-0-0 Nxe5 11. Bxe5 Bd6 12. Qg5 Bg6 13. h4 h6 14. Qg3 Be7 15. Be2 0-0 16. Qh3 Nd5 17. h5 Bh7 18. Qg4 Bf6 19. Ne4 Bxe5 20. dxe5 Bxe4 21. Qxe4 Qg5+ 22. Kb1 Qf4 23. Qxf4 Nxf4 24. Bf3 Rfd8 25. g3 Nd5 26. c4 Nb6 27. b3 Kf8 28. Rd6 Ke7 29. Rhd1 Nd7 30. Re1 Nb6 31. c5 Nd5 32. Bxd5 cxd5 33. Rc1 Rac8 34. b4 Rxd6 35. cxd6+ Kd7 36. Rxc8 Kxc8 37. g4 Kd7 38. f4 b6 39. b5 Ke8 40. Kc2 Kd7 41. Kd3 Ke8 42. g5 Kd7 43. a4 Ke8 44. Kc3 Kd7 45. Kb4 Ke8 46. Kc3 Kd7 47. Kd4 Ke8 48. Ke3 Kd7 49. Kf3 Ke8 50. Ke3 1/2-1/2

[Event "JBLN Ost 1819"]
[Site "Germany"]
[Date "2019.03.03"]
[Round "9.5"]
[White "Artukovic, Benjamin"]
[Black "Neuber, Pascal"]
[Result "0-1"]
[WhiteElo "1286"]
[BlackElo "1810"]
[PlyCount "148"]
[EventDate "2018.09.29"]
[EventType "team-tourn"]
[EventRounds "9"]
[EventCountry "GER"]
[SourceTitle "CBM 189 Extra"]
[Source "ChessBase"]
[SourceDate "2019.06.03"]
[SourceVersion "1"]
[SourceVersionDate "2019.06.03"]
[SourceQuality "1"]
[WhiteTeam "Weisse Dame"]
[BlackTeam "Halle USV"]
[WhiteTeamCountry "GER"]
[BlackTeamCountry "GER"]

1. d4 Nf6 2. Bf4 c5 3. e3 g6 4. Nf3 Bg7 5. c3 cxd4 6. exd4 d6 7. h3 Bf5 8. Bd3 Bxd3 9. Qxd3 Nbd7 10. 0-0 Nf8 11. Re1 Ne6 12. Bh2 0-0 13. Nbd2 a6 14. a4 Rc8 15. Ne4 Nd5 16. Qd2 Nb6 17. Qe2 Bh6 18. Nfd2 Bf4 19. g3 Bh6 20. f4 Nd5 21. Rf1 Qb6 22. Nc4 Rxc4 23. Qxc4 Ne3 24. Qe2 Nxf1 25. Kxf1 Qa5 26. Qe1 Qh5 27. Kg2 Qd5 28. Kf1 Rc8 29. Bg1 Qb3 30. Qe2 Qc4 31. Qxc4 Rxc4 32. Ke2 d5 33. Nf2 Ng7 34. Ng4 Nf5 35. Kf3 Bg7 36. Ne5 Bxe5 37. fxe5 b6 38. g4 Ng7 39. Bh2 Ne6 40. Bf4 Kg7 41. Kg3 h6 42. Bd2 g5 43. h4 f6 44. exf6+ exf6 45. h5 Nd8 46. b3 Rc8 47. Re1 Kf7 48. Re2 Nb7 49. b4 b5 50. a5 Nd6 51. Be1 Ne4+ 52. Kf3 Rc4 53. Re3 Ke6 54. Kg2 f5 55. Kh3 fxg4+ 56. Kxg4 Rc8 57. Kf3 Rf8+ 58. Kg2 g4 59. Bg3 Rf5 60. Re1 Rxh5 61. Rf1 Rf5 62. Re1 Rf3 63. Be5 Rxc3 64. Rh1 Rc2+ 65. Kg1 Rc1+ 66. Kg2 Rxh1 67. Kxh1 Kf5 68. Kg2 h5 69. Bb8 h4 70. Kh2 g3+ 71. Kg1 Kg4 72. Kh1 h3 73. Kg1 h2+ 74. Kh1 Kh3 0-1

[Event "Sachsen-Anhalt Landesliga B 18/19"]
[Site "Sachsen Anhalt"]
[Date "2019.02.24"]
[Round "7.3"]
[White "Schlag, Andreas"]
[Black "Neuber, Pascal"]
[Result "0-1"]
[WhiteElo "2115"]
[BlackElo "1768"]
[PlyCount "46"]
[EventDate "2018.09.23"]
[EventType "team-tourn"]
[EventRounds "9"]
[EventCountry "GER"]
[SourceTitle "EXT 2022"]
[Source "ChessBase"]
[SourceDate "2021.10.06"]
[SourceVersion "1"]
[SourceVersionDate "2021.10.06"]
[SourceQuality "1"]
[WhiteTeam "Naumburg II"]
[BlackTeam "Halle USV III"]
[WhiteTeamCountry "GER"]
[BlackTeamCountry "GER"]

1. e4 c5 2. Nf3 e6 3. d4 cxd4 4. Nxd4 Nf6 5. Bd3 Nc6 6. Nxc6 bxc6 7. 0-0 d5 8. exd5 cxd5 9. Qe2 Be7 10. Bf4 0-0 11. c3 Bd6 12. Bxd6 Qxd6 13. Re1 Re8 14. Na3 a6 15. Rad1 Qb6 16. Rc1 e5 17. Kh1 e4 18. f3 Bg4 19. fxg4 exd3 20. Qxd3 Nxg4 21. Rf1 Nf2+ 22. Rxf2 Qxf2 23. Rf1 Re1 0-1

[Event "JBLN Ost 1819"]
[Site "Germany"]
[Date "2018.12.01"]
[Round "4.5"]
[White "Seidel, Arne Christian"]
[Black "Neuber, Pascal"]
[Result "1-0"]
[WhiteElo "1636"]
[BlackElo "1766"]
[PlyCount "79"]
[EventDate "2018.09.29"]
[EventType "team-tourn"]
[EventRounds "9"]
[EventCountry "GER"]
[SourceTitle "CBM 189 Extra"]
[Source "ChessBase"]
[SourceDate "2019.06.03"]
[SourceVersion "1"]
[SourceVersionDate "2019.06.03"]
[SourceQuality "1"]
[WhiteTeam "Reideburg 90 Halle"]
[BlackTeam "Halle USV"]
[WhiteTeamCountry "GER"]
[BlackTeamCountry "GER"]

1. d4 c5 2. d5 g6 3. c4 Bg7 4. Nf3 Nf6 5. g3 0-0 6. Bg2 d6 7. 0-0 Qc7 8. Nc3 a6 9. a4 e6 10. e4 exd5 11. cxd5 Bd7 12. h3 a5 13. Nd2 Na6 14. Nc4 Nb4 15. Bf4 Ne8 16. Qd2 Rb8 17. Rfe1 b5 18. axb5 Bxb5 19. Nxb5 Rxb5 20. Bf1 Rb8 21. Rxa5 f5 22. e5 dxe5 23. d6 Nxd6 24. Qxd6 Qxd6 25. Nxd6 exf4 26. Bc4+ Kh8 27. Nf7+ Kg8 28. Re7 fxg3 29. Ne5+ Kh8 30. Raa7 gxf2+ 31. Kxf2 Ra8 32. Nf7+ Kg8 33. Nd8+ Kh8 34. Rxa8 Bf6 35. Nf7+ Kg7 36. Rxf8 Kxf8 37. Re2 Nc6 38. Nd6 Bh4+ 39. Kg2 f4 40. Re8+ 1-0

[Event "GER-ch U12"]
[Site "Willingen"]
[Date "2017.06.10"]
[Round "11"]
[White "Neuber, Pascal"]
[Black "Milare, Tyron"]
[Result "0-1"]
[WhiteElo "1556"]
[BlackElo "1789"]
[PlyCount "92"]
[EventDate "2017.06.04"]
[EventType "swiss"]
[EventRounds "11"]
[EventCountry "GER"]
[SourceTitle "CBM 178 Extra"]
[Source "ChessBase"]
[SourceDate "2017.06.22"]
[SourceVersion "1"]
[SourceVersionDate "2017.06.22"]
[SourceQuality "1"]

1. e4 c5 2. Nf3 Nc6 3. d4 cxd4 4. Nxd4 Nf6 5. Nc3 e6 6. Ndb5 d6 7. Bf4 e5 8. Bg5 a6 9. Na3 b5 10. Nd5 Be7 11. Bxf6 Bxf6 12. c3 0-0 13. Nc2 Bg5 14. a4 bxa4 15. Rxa4 a5 16. Bc4 Ba6 17. Bxa6 Rxa6 18. 0-0 Qd7 19. Ncb4 Nxb4 20. Nxb4 Ra7 21. Nd5 f5 22. exf5 Qxf5 23. c4 Kh8 24. Qe2 Bd8 25. Rd1 Raf7 26. f3 Qg6 27. Kh1 Bg5 28. Rxa5 e4 29. fxe4 Qxe4 30. Ne3 Qxe3 31. Qxe3 Bxe3 32. g3 Bc5 33. Rb5 Rf6 34. b4 Ba7 35. Ra5 Bb8 36. Kg2 h6 37. Rd2 Kh7 38. b5 Rc8 39. Rc2 Bc7 40. Ra6 Rb8 41. Re2 Bb6 42. Re7 Bc5 43. Re4 Rf2+ 44. Kh3 Rbf8 45. Re1 Rc2 46. b6 Rb2 0-1

[Event "GER-ch U12"]
[Site "Willingen"]
[Date "2017.06.09"]
[Round "10"]
[White "Arakelian, Aik"]
[Black "Neuber, Pascal"]
[Result "1-0"]
[WhiteElo "1893"]
[BlackElo "1556"]
[PlyCount "37"]
[EventDate "2017.06.04"]
[EventType "swiss"]
[EventRounds "11"]
[EventCountry "GER"]
[SourceTitle "CBM 178 Extra"]
[Source "ChessBase"]
[SourceDate "2017.06.22"]
[SourceVersion "1"]
[SourceVersionDate "2017.06.22"]
[SourceQuality "1"]

1. e4 c5 2. Nf3 Nc6 3. Bb5 g6 4. 0-0 Bg7 5. c3 Nf6 6. e5 Nd5 7. d4 cxd4 8. cxd4 0-0 9. Nc3 Nxc3 10. bxc3 a6 11. Bd3 b5 12. Ba3 Re8 13. Nd2 Bb7 14. f4 Qa5 15. Qb3 Qc7 16. f5 Rac8 17. fxg6 hxg6 18. Qxf7+ Kh8 19. Qxg6 1-0

[Event "GER-ch U10"]
[Site "Willingen"]
[Date "2016.05.19"]
[Round "8.9"]
[White "Grunert, Wilhelm"]
[Black "Neuber, Pascal"]
[Result "1-0"]
[WhiteElo "1487"]
[BlackElo "1309"]
[PlyCount "89"]
[EventDate "2016.05.15"]
[EventType "swiss"]
[EventRounds "11"]
[EventCountry "GER"]
[SourceTitle "CBM 172 Extra"]
[Source "ChessBase"]
[SourceDate "2016.06.21"]
[SourceVersion "1"]
[SourceVersionDate "2016.06.21"]
[SourceQuality "1"]

1. e4 e5 2. Nf3 Nc6 3. Bb5 a6 4. Ba4 Nf6 5. 0-0 Nxe4 6. Re1 Nc5 7. Bxc6 dxc6 8. Nxe5 Be7 9. d4 Ne6 10. c3 0-0 11. Nd2 c5 12. Ndf3 cxd4 13. cxd4 c6 14. b3 Nc7 15. Bb2 Nd5 16. Nd2 f6 17. Nec4 Bb4 18. a3 Bc3 19. Bxc3 Nxc3 20. Qc2 Nb5 21. d5 cxd5 22. Ne3 Be6 23. Red1 Qe7 24. a4 Rac8 25. Qd3 Nc7 26. Nf3 Rfd8 27. Rac1 Rd7 28. Nd4 Rcd8 29. Re1 Qf7 30. b4 b6 31. Nd1 a5 32. Nc6 Ra8 33. b5 Re8 34. Ne3 d4 35. Nc2 Bc4 36. Rxe8+ Nxe8 37. Qd2 d3 38. N2d4 Nc7 39. Rc3 Qg6 40. Rxc4 Nd5 41. h3 Nb4 42. Nxb4 axb4 43. Qe3 Qg5 44. Rc8+ Kf7 45. Qe8# 1-0

[Event "GER-ch U10"]
[Site "Willingen"]
[Date "2016.05.16"]
[Round "3.14"]
[White "Neuber, Pascal"]
[Black "Hagenbeck Huebert, Ben"]
[Result "0-1"]
[WhiteElo "1309"]
[BlackElo "1428"]
[PlyCount "76"]
[EventDate "2016.05.15"]
[EventType "swiss"]
[EventRounds "11"]
[EventCountry "GER"]
[SourceTitle "CBM 172 Extra"]
[Source "ChessBase"]
[SourceDate "2016.06.21"]
[SourceVersion "1"]
[SourceVersionDate "2016.06.21"]
[SourceQuality "1"]

1. e4 e5 2. Nf3 Nc6 3. d4 exd4 4. Bc4 Nf6 5. 0-0 Be7 6. e5 Ng4 7. Bf4 h5 8. h3 g5 9. Nh2 gxf4 10. hxg4 hxg4 11. Qxg4 d5 12. Qg7 Rxh2 13. Bxd5 Qxd5 14. Kxh2 Qxe5 15. Qxe5 Nxe5 16. Rd1 c5 17. Re1 Ng4+ 18. Kg1 Kf8 19. f3 Ne3 20. c3 Nc2 21. Nd2 Nxa1 22. Rxa1 dxc3 23. bxc3 Bf5 24. Re1 Rd8 25. Nc4 Be6 26. Ne5 Bf6 27. Ng6+ Kg7 28. Nxf4 Bxa2 29. Ra1 Bc4 30. Rxa7 Rd1+ 31. Kf2 Rf1+ 32. Ke3 Bxc3 33. Rxb7 Bd4+ 34. Kd2 Rf2+ 35. Ke1 Be3 36. Nh3 Rxg2 37. Re7 Bd2+ 38. Kd1 Bb3# 0-1

[Event "GER-ch U10"]
[Site "Willingen"]
[Date "2016.05.15"]
[Round "2.21"]
[White "Lenz, Joshua"]
[Black "Neuber, Pascal"]
[Result "0-1"]
[WhiteElo "1086"]
[BlackElo "1309"]
[PlyCount "56"]
[EventDate "2016.05.15"]
[EventType "swiss"]
[EventRounds "11"]
[EventCountry "GER"]
[SourceTitle "CBM 172 Extra"]
[Source "ChessBase"]
[SourceDate "2016.06.21"]
[SourceVersion "1"]
[SourceVersionDate "2016.06.21"]
[SourceQuality "1"]

1. e4 e5 2. Nf3 Nc6 3. Bc4 Bc5 4. Nc3 Nf6 5. d3 0-0 6. Bg5 h6 7. Be3 Bb4 8. Qd2 d6 9. 0-0-0 Be6 10. Bxe6 fxe6 11. Nh4 d5 12. a3 Ba5 13. Bc5 d4 14. Bxf8 dxc3 15. bxc3 Qxf8 16. Rdf1 Qxa3+ 17. Kd1 Nd4 18. f4 Bxc3 19. Qc1 Bb2 20. Qb1 Nb5 21. Kd2 Qc3+ 22. Ke3 Nd4 23. fxe5 Nxc2+ 24. Kf4 Qd2+ 25. Kg3 Bxe5+ 26. Kh3 Qe3+ 27. Rf3 g5 28. Rxe3 g4# 0-1